Patterns of Capital Flows to Emerging Markets <A> Theoretical Perspective

Saved in:
Bibliographic Details
Main Author: Chen, Zhaohui
Other Authors: Khan, Mohsin S.
Format: Book
Language:English
Published: Washington International Monetary Fund 1997
Edition:1. ed.
Series:IMF Working Paper 13
Subjects:
Tags: Add Tag
No Tags, Be the first to tag this record!

MARC

LEADER 00000nam a2200000 4500
001 c020913
005 20221129110226.3
041 0 |a eng 
044 |a US 
245 1 0 |a Patterns of Capital Flows to Emerging Markets  |b <A> Theoretical Perspective  |c Zhaohui Chen, Mohsin S. Khan 
250 |a 1. ed. 
264 1 |a Washington  |b International Monetary Fund  |c 1997 
300 |a 32 s. 
490 1 |a IMF Working Paper  |v 13 
830 0 |a IMF Working Paper  |v 13 
610 2 0 |a pohyb kapitálu 
610 2 0 |a trh kapitálový medzinárodný 
610 2 0 |a krajiny rozvojové 
610 2 0 |a portfólio 
610 2 0 |a papiere cenné 
100 1 |a Chen, Zhaohui 
700 1 |a Khan, Mohsin S.